000 00451nam a2200181Ia 4500
005 20230817105945.0
008 131103s9999 xx 000 0 und d
040 _aLoreto College
041 _aEnglish
082 _aF
_bGRE
100 _aGreene,Graham
245 4 _aThe power and the glory
_cGraham Greene
260 _aHarmondsworth
_bPenguin Books
_c1940
300 _a222 p.
650 _aFiction in English
850 _aLCLIB
942 _cBK
999 _c15371
_d65850